| 000 -LEADER |
| fixed length control field |
00818nam a22001577a 4500 |
| 003 - CONTROL NUMBER IDENTIFIER |
| control field |
OSt |
| 005 - DATE AND TIME OF LATEST TRANSACTION |
| control field |
20160316145819.0 |
| 008 - FIXED-LENGTH DATA ELEMENTS--GENERAL INFORMATION |
| fixed length control field |
160316b xxu||||| |||| 00| 0 eng d |
| 040 ## - CATALOGING SOURCE |
| Transcribing agency |
RUA |
| 082 ## - DEWEY DECIMAL CLASSIFICATION NUMBER |
| Classification number |
AGR SOU 2012 B471 Or.1 |
| 100 ## - MAIN ENTRY--PERSONAL NAME |
| 9 (RLIN) |
8021 |
| Personal name |
SOUNG MAKARA ; សួង មករា |
| 245 ## - TITLE STATEMENT |
| Title |
Comparison growing technique on mungbean palnting in rainfed lowlan after harvesting wet season rice and dpland , ប្រៀបធៀបបច្ចេកទេសដំាដុះ លើការដំាដុះសណ្ដែកបាយ នៅតំបន់ទំនាបអាស្រ័យទឹកភ្លៀងក្រោយពេលច្រូតកាត់ស្រូវវស្សា និងទីទួល |
| 260 ## - PUBLICATION, DISTRIBUTION, ETC. (IMPRINT) |
| Place of publication, distribution, etc. |
Phnom Penh |
| Name of publisher, distributor, etc. |
RUA |
| Date of publication, distribution, etc. |
2012 |
| 300 ## - PHYSICAL DESCRIPTION |
| Extent |
x ;39. |
| Other physical details |
ill. |
| Dimensions |
29cm. |
| 942 ## - ADDED ENTRY ELEMENTS (KOHA) |
| Source of classification or shelving scheme |
|
| Koha item type |
AGR |